| 000 | 00000nam##2200000za#4500 |
| 001 | 9.695167 |
| 003 | CaOODSP |
| 005 | 20210624234443 |
| 007 | cr ||||||||||| |
| 008 | 150407|2004||||xxc|||||o f|0| 0 eng|d |
| 040 | |aCaOODSP|beng |
| 043 | |an-cn--- |
| 086 | 1 |aFA3-76/2004E-PDF |
| 110 | 1 |aCanada. |bOffice of the Auditor General. |
| 245 | 10|aPerformance audit manual |h[electronic resource] |
| 260 | |aOttawa - Ontario : |bOffice of the Auditor General of Canada |cc2004. |
| 300 | |a134p.|bfigs., tables, photographs |
| 590 | |a11-25-Supp|b2011-10-31 |
| 775 | 08|tManuel de vérification de gestion |w(CaOODSP)9.639306 |
| 856 | 40|ahttp://publications.gc.ca|qPDF|s1226 KB|uhttps://publications.gc.ca/collections/collection_2011/bvg-oag/FA3-76-2004-eng.pdf |